000 00403nam a2200145Ia 4500
008 220216s9999 xx 000 0 und d
100 _aPremakumari D
245 0 _aPerformance of RRII 300 series clones in the small scale trial
260 _bPlacrosym V, Kasaragod, 1982
_c1982
700 _aGeorge P J
700 _aNair V K B
700 _aPanikkar A O N
700 _aSulochanamma S
942 _cJS
999 _c64769
_d64769